| 000 | 00688nam a2200193 a 4500 | ||
|---|---|---|---|
| 001 | BRCA_926 | ||
| 005 | 20190320203217.0 | ||
| 008 | 160508s2007----sp-a---###---#000-0#spa-# | ||
| 020 | _a9788482667386 | ||
| 050 | 4 |
_aNK7162 _b.F95 2007 |
|
| 245 | 1 | 0 | _aEl fulgor de la plata. |
| 260 |
_aAndalucía _bJunta de Andalucía : Consejería de Cultura _c2007 |
||
| 300 |
_a545 p. _bil. a color _c30 cm. |
||
| 500 | _aCatálogo de la exposición realizada en la Iglesia de San Agustín (Córdoba), 24 septiembre - 30 diciembre, 2007 | ||
| 504 | _aBibliografía: p. 535-545 | ||
| 650 | 1 | 4 |
_aPlata barroca _zAndalucía _93064 |
| 650 | 1 | 4 |
_aOrfebrería _ySiglos XVII y XVIII _zEspaña _93065 |
| 942 |
_2lcc _cB |
||
| 999 |
_c816 _d816 |
||